| 000 | 00348pab a2200145 454500 | ||
|---|---|---|---|
| 008 | 180718b2015 xxu||||| |||| 00| 0 eng d | ||
| 100 | _aWrenn, Mary V. | ||
| 245 | _aAgency and neoliberalism | ||
| 260 | _c2015 | ||
| 300 | _ap.1231-1243. | ||
| 362 | _aSep | ||
| 650 | _aLiberalism | ||
| 773 | _aCambridge Journal of Economics | ||
| 909 | _a109266 | ||
| 999 |
_c109261 _d109261 |
||